Picasso : (Record no. 11775)
[ view plain ]
| 000 -CABECERA | |
|---|---|
| campo de control de longitud fija | 00804nam a2200229 a 4500 |
| 001 - NÚMERO DE CONTROL | |
| campo de control | 000012110 |
| 005 - FECHA Y HORA DE LA ÚLTIMA TRANSACCIÓN | |
| campo de control | 20200929162711.0 |
| 008 - DATOS DE LONGITUD FIJA--INFORMACIÓN GENERAL | |
| campo de control de longitud fija | 091104s1994 sp a 001 0bspa d |
| 020 ## - NÚMERO INTERNACIONAL ESTÁNDAR DEL LIBRO | |
| Número Internacional Estándar del Libro | 8420646547 |
| 040 ## - FUENTE DE LA CATALOGACIÓN | |
| Centro catalogador/agencia de origen | DO-SdBNP |
| Lengua de catalogación | spa |
| Centro/agencia modificador | BNPHU |
| 082 ## - NÚMERO DE LA CLASIFICACIÓN DECIMAL DEWEY | |
| Número de clasificación | 927.5 |
| Número de documento/Ítem | P586R |
| 100 1# - ENTRADA PRINCIPAL--NOMBRE DE PERSONA | |
| Nombre de persona | Ramírez, Juan Antonio, |
| Fechas asociadas al nombre | 1948-2009 |
| 9 (RLIN) | 28618 |
| 245 10 - MENCIÓN DE TÍTULO | |
| Título | Picasso : |
| Resto del título | el mirón y la duplicidad / |
| Mención de responsabilidad, etc. | Juan Antonio Ramírez. |
| 260 ## - PUBLICACIÓN, DISTRIBUCIÓN, ETC. | |
| Lugar de publicación, distribución, etc. | Madrid : |
| Nombre del editor, distribuidor, etc. | Alianza, |
| Fecha de publicación, distribución, etc. | 1994. |
| 300 ## - DESCRIPCIÓN FÍSICA | |
| Extensión | 64, viii p. : |
| Otras características físicas | il. ; |
| Dimensiones | 15 cm. |
| 490 1# - MENCIÓN DE SERIE | |
| Mención de serie | Alianza cien |
| Designación de volumen o secuencia | 54 |
| 500 ## - NOTA GENERAL | |
| Nota general | Libro de bolsillo |
| 600 10 - PUNTO DE ACCESO ADICIONAL DE MATERIA--NOMBRE DE PERSONA | |
| Nombre de persona | PICASSO, PABLO, |
| Forma completa/desarrollada del nombre | (Pablo Ruiz Picasso), |
| Fechas asociadas al nombre | 1881-1973 |
| Subdivisión de forma | BIOGRAFÍA |
| 9 (RLIN) | 28619 |
| 600 10 - PUNTO DE ACCESO ADICIONAL DE MATERIA--NOMBRE DE PERSONA | |
| Nombre de persona | PICASSO, PABLO, |
| Fechas asociadas al nombre | 1881-1973 |
| Subdivisión general | CRÍTICA E INTERPRETACIÓN |
| 9 (RLIN) | 28620 |
| 650 #4 - PUNTO DE ACCESO ADICIONAL DE MATERIA--TÉRMINO DE MATERIA | |
| Término de materia o nombre geográfico como elemento de entrada | Pintores españoles |
| Subdivisión de forma | BIOGRAFÍAS |
| 9 (RLIN) | 14281 |
| 830 #0 - PUNTO DE ACCESO ADICIONAL DE SERIE-TÍTULO UNIFORME | |
| Título uniforme | Alianza cien ; |
| Designación de volumen o secuencia | 54 |
| 9 (RLIN) | 12832 |
| Estado de retiro | Estado de pérdida | Restricciones de uso | No para préstamo | Código de colección | Localización permanente | Ubicación/localización actual | Ubicación en estantería | Fecha de adquisición | Número de inventario | Total de préstamos | Signatura topográfica completa | Código de barras | Fecha visto por última vez | Precio válido a partir de | Tipo de ítem Koha |
|---|---|---|---|---|---|---|---|---|---|---|---|---|---|---|---|
| Monografías: Libros y Folletos | General | General | En catalogación | 04.11.2009 | LF1 | 927.5 P586R | 12110-10 | 25.06.2020 | 25.06.2020 | Préstamo en sala |
